Caderno de Ecologia (Registo nº 200235)

Detalhes MARC
000 -Etiqueta do registo
Valores 00535nam 22001813 4500
100 ## - Dados gerais de processamento
Dados gerais 20260128d u||y0pory50 ba
200 ## - Titulo e menção de responsabilidade
Título próprio Caderno de Ecologia
Primeira menção de responsabilidade coordenação Norma Maria Cleffi...[et al.]
205 ## - Menção da edição
Edição
210 ## - Publicação
Local de publicação São Paulo
Nome do editor Editora Mosaico, CECISP
Data de publicação cop. 1980
215 ## - Descrição física 
Paginação / Volumes [6] , 121 p.
Outras indicações físicas brochado
Dimensões 21 cm
606 ## - Nome comum usado como assunto
ID Autoridade 916
Palavra de ordem Ecologia geral e biodiversidade
675 ## - CDU
Notação 574
Edição PT
Língua por
701 ## - Co-autor principal (pessoa individual)
ID Autoridade 16069
Apelido Cleffi
Nome Norma Maria
801 ## - Fonte de origem
País PT
Agência BMMN
Regras de catalogação RPC
830 ## - Notas gerais do catalogador
Criado por Vanda
990 ## - Elementos KOHA
Tipo de documento Livro
Exemplares
Situação do levantamento Biblioteca de origem Código de barras Cota Permissão de empréstimo Tipo de documento Forma de aquisição
  Biblioteca Municipal de Montemor-o-Novo 29350 574 CAD|DEP   Livro Compra

Powered by Koha